| 000 | 00000nam 2200000za 4500 |
| 001 | 9.800549 |
| 003 | CaOODSP |
| 005 | 20240612102702 |
| 007 | cr ||||||||||| |
| 008 | 150507s2015 xxc|||||o f|0| 0 fre d |
| 020 | |a978-0-662-03890-0 |
| 040 | |aCaOODSP|bfre |
| 043 | |an-cn--- |
| 086 | 1 |aPS38-49/2015F-PDF |
| 245 | 00|aRenseignements à l'intention des personnes détenues en vertu de la Loi sur l'immigration et la protection des réfugiés |h[ressource électronique]. |
| 260 | |a[Ottawa] : |bAgence des services frontaliers du Canada, |c2015. |
| 300 | |a5 p. |
| 500 | |aPublié aussi en anglais sous le titre : Information for people detained under the Immigration and Refugee Protection Act. |
| 692 | 07|2gccst|aImmigrant |
| 692 | 07|2gccst|aRéfugié |
| 710 | 2 |aAgence des services frontaliers du Canada. |
| 775 | 08|tInformation for people detained under the Immigration and Refugee Protection Act |w(CaOODSP)9.800548 |
| 775 | 08|t[Renseignements à l'intention des personnes détenues en vertu de la Loi sur l'immigration et la protection des réfugiés] |w(CaOODSP)9.800551 |
| 775 | 08|t[Renseignements à l'intention des personnes détenues en vertu de la Loi sur l'immigration et la protection des réfugiés] |w(CaOODSP)9.800553 |
| 775 | 08|t[Renseignements à l'intention des personnes détenues en vertu de la Loi sur l'immigration et la protection des réfugiés] |w(CaOODSP)9.800555 |
| 775 | 08|t[Renseignements à l'intention des personnes détenues en vertu de la Loi sur l'immigration et la protection des réfugiés] |w(CaOODSP)9.800557 |
| 775 | 08|t[Renseignements à l'intention des personnes détenues en vertu de la Loi sur l'immigration et la protection des réfugiés] |w(CaOODSP)9.800597 |
| 775 | 08|t[Renseignements à l'intention des personnes détenues en vertu de la Loi sur l'immigration et la protection des réfugiés] |w(CaOODSP)9.800599 |
| 775 | 08|t[Renseignements à l'intention des personnes détenues en vertu de la Loi sur l'immigration et la protection des réfugiés] |w(CaOODSP)9.800601 |
| 775 | 08|t[Renseignements à l'intention des personnes détenues en vertu de la Loi sur l'immigration et la protection des réfugiés] |w(CaOODSP)9.800603 |
| 775 | 08|t[Renseignements à l'intention des personnes détenues en vertu de la Loi sur l'immigration et la protection des réfugiés] |w(CaOODSP)9.800605 |
| 775 | 08|t[Renseignements à l'intention des personnes détenues en vertu de la Loi sur l'immigration et la protection des réfugiés] |w(CaOODSP)9.800607 |
| 775 | 08|t[Renseignements à l'intention des personnes détenues en vertu de la Loi sur l'immigration et la protection des réfugiés] |w(CaOODSP)9.800609 |
| 775 | 08|t[Renseignements à l'intention des personnes détenues en vertu de la Loi sur l'immigration et la protection des réfugiés] |w(CaOODSP)9.800611 |
| 775 | 08|t[Renseignements à l'intention des personnes détenues en vertu de la Loi sur l'immigration et la protection des réfugiés] |w(CaOODSP)9.800634 |
| 775 | 08|t[Renseignements à l'intention des personnes détenues en vertu de la Loi sur l'immigration et la protection des réfugiés] |w(CaOODSP)9.800636 |
| 856 | 40|qPDF|s526 Ko|uhttps://publications.gc.ca/collections/collection_2015/asfc-cbsa/PS38-49-2015-fra.pdf |
| 986 | |aBSF5012 (F) Rév 13 |